Ληστρικά τραγούδια

Αποθηκεύτηκε σε:
Λεπτομέρειες βιβλιογραφικής εγγραφής
Άλλοι συγγραφείς: Χαλατσάς, Δημήτρης Χ., 1923- (Επιμελητής έκδοσης)
Μορφή: Βιβλίο
Γλώσσα:Greek
Δημοσίευση: Αθήνα : Εστία, 2003.
Έκδοση:2η έκδ.
Σειρά:Νέα ελληνική βιβλιοθήκη. Ποίηση (Εστία) v.65
Θέματα:
Ετικέτες: Προσθήκη ετικέτας
Δεν υπάρχουν, Καταχωρήστε ετικέτα πρώτοι!

MARC

LEADER 00000cam a2200000 i 4500
001 1/83074
008 080417s2003 gr | ||| |||| ||gre||
020 |a 9600509360 
035 |l 10096835 
040 |a GR-MY-UA  |b gre  |e aacr 
041 0 |a gre 
082 7 |a 398.87  |2 (22) 
245 0 0 |a Ληστρικά τραγούδια /   |c επιμέλεια: Δημήτρης Χαλατσάς.  
250 |a 2η έκδ.  
260 |a Αθήνα :   |b Εστία,   |c 2003.  
300 |a 277 σ. :   |b εικ. ;   |c 17 εκ.  
490 1 |a (Νέα ελληνική βιβλιοθήκη. Ποίηση / Εστία ;   |v vol.65)  
504 |a Βιβλιογραφία: σ. [9]-17.  
504 |a Ευρετήριο: σ. [261]-273.  
650 0 0 |a Folk songs, Greek (Modern)  |x Collections. 
650 0 0 |a Folk songs, Greek (Modern)  |x History and criticism. 
700 1 |a Χαλατσάς, Δημήτρης Χ.,   |d 1923-  |e edt 
830 0 |a Νέα ελληνική βιβλιοθήκη.   |p Ποίηση (Εστία)  |v v.65 
852 |a INST  |b LESVOS  |e 20080417  |h 398.87 ΛΗΣ  |p 005100039635  |q 005100039635  |t BK  |y 0 
901 |a BIBL1-2008-1 
909 |a Λ  |b 141825 
922 |a 1ΕΛΗ  |b 200711  |c ΕΠΕΑΕΚ2/ΤΚΑ  |d Σ. ΠΑΤΑΚΗΣ 
970 |a ΚΑΡΑ  |b ΓΙΑΣΕΜΗ  |z 2008/04/17